Garden details: (Record no. 34809)
[ view plain ]
| 000 -LEADER | |
|---|---|
| fixed length control field | 01075nam a22002654a 4500 |
| 005 - DATE AND TIME OF LATEST TRANSACTION | |
| control field | 20100320140045.0 |
| 008 - FIXED-LENGTH DATA ELEMENTS--GENERAL INFORMATION | |
| fixed length control field | 060124s2005 paua 001 0 eng |
| 010 ## - LCCN (DPL NO) | |
| LC control number | B-379399 |
| 020 ## - INTERNATIONAL STANDARD BOOK NUMBER | |
| International Standard Book Number | 9781845431983 |
| Terms of availability | 795.00 |
| 035 ## - SYSTEM CONTROL NUMBER | |
| System control number | B-379399 |
| 037 ## - SOURCE OF ACQUISITION | |
| Source of stock number/acquisition | Pansy Books |
| 040 ## - CATALOGING SOURCE | |
| Original cataloging agency | dpl |
| Language of cataloging | English |
| 082 ## - DEWEY DECIMAL CLASSIFICATION NUMBER | |
| Classification number | 712.6 |
| 100 ## - MAIN ENTRY--PERSONAL NAME | |
| Personal name | Blundell, Lynne |
| 245 ## - TITLE STATEMENT | |
| Title | Garden details: |
| Statement of responsibility, etc | by Lynne Blundell |
| Remainder of title | decorative elements for your garden / |
| 260 ## - PUBLICATION, DISTRIBUTION, ETC. (IMPRINT) | |
| Name of publisher, distributor, etc | Apple Press |
| Date of publication, distribution, etc | 2007 |
| Place of publication, distribution, etc | Hove |
| 270 ## - ADDRESS | |
| Address | Sheridan House, 114 Western Road, Hove, East Sussex |
| City | United Kingdom |
| 300 ## - PHYSICAL DESCRIPTION | |
| Extent | 224 p. : |
| Other physical details | col. photos |
| Dimensions | 29 cm(Hb) |
| 500 ## - GENERAL NOTE | |
| General note | Includes glossary and index |
| 650 ## - SUBJECT ADDED ENTRY--TOPICAL TERM | |
| Topical term or geographic name as entry element | Gardens |
| General subdivision | Design. |
| 650 ## - SUBJECT ADDED ENTRY--TOPICAL TERM | |
| Topical term or geographic name as entry element | Garden ornaments and furniture. |
| 942 ## - ADDED ENTRY ELEMENTS (KOHA) | |
| Source of classification or shelving scheme | Dewey Decimal Classification |
| Item type | English Books |
| Call number suffix | BLU |
| Classification part | 712.6 |
| Withdrawn status | Lost status | Source of classification or shelving scheme | Damaged status | Not for loan | Collection code | Home library | Current library | Date acquired | Source of acquisition | Cost, normal purchase price | Total Checkouts | Full call number | Barcode | Date last seen | Copy number | Cost, replacement price | Koha item type |
|---|---|---|---|---|---|---|---|---|---|---|---|---|---|---|---|---|---|
| Dewey Decimal Classification | Not For Loan | Non-fiction | Central Library | Central Library | 22/03/2010 | Pansy Books/986/24.2.10/177/23.2.10/24.2.10 | 795.00 | BLU | B-379399 | 22/03/2010 | 1 | 795.00 | Reference Books |
